000 00839nam a2200229 a 4500
001 BRCA_1649
005 20190320203506.0
008 930113s1990 mx-a---##b---#000-0#spa-d
020 _a9683615589
040 _aDLC
_cDLC
_dDLC
050 4 _aNA755
_b.A53 1990
100 1 _aAnda Alanís, Enrique X. de
_95148
245 1 0 _aLa arquitectura de la Revolución Mexicana
_bcorrientes y estilos en la década de los veintes
_cEnrique X. de Anda Alanís.
260 _aMéxico
_bUNAM, Instituto de Investigaciones Estéticas
_c1990.
300 _a184 p.
_bil.
_c28 cm.
500 _aIncluye lista de fotografías
500 _a2do. ejemplar en el Área de Investigación
504 _aBibliografía : p.181-184
650 1 4 _aArquitectura
_ySiglo XX
_zMéxico
_9627
650 1 4 _aArquitectura
_xAspectos políticos
_zMéxico
_95149
942 _2lcc
_cB
999 _c1447
_d1447